000 00343 a2200157 4500
001 191586
020 _a978-85-63877-28-4
040 _cMagnum
100 _aDantas, Goimar
240 1 0 _aMinha boca está pelada
_lpor
245 1 0 _aMinha boca está pelada
300 _a24
362 0 _a2013
697 _aLITERATURA INFANTO
942 _cBK
999 _c191586
_d191586